<?xml version="1.0" encoding="UTF-8"?>
<record
    xmlns:xsi="http://www.w3.org/2001/XMLSchema-instance"
    xsi:schemaLocation="http://www.loc.gov/MARC21/slim http://www.loc.gov/standards/marcxml/schema/MARC21slim.xsd"
    xmlns="http://www.loc.gov/MARC21/slim">

  <leader>00768nam a22002177a 4500</leader>
  <controlfield tag="005">20170606152203.0</controlfield>
  <controlfield tag="008">090109t        xxu||||| |||| 00| 0urd d</controlfield>
  <datafield tag="010" ind1=" " ind2=" ">
    <subfield code="a">A-949219</subfield>
  </datafield>
  <datafield tag="020" ind1=" " ind2=" ">
    <subfield code="c">125.00</subfield>
    <subfield code="a">-</subfield>
  </datafield>
  <datafield tag="035" ind1=" " ind2=" ">
    <subfield code="a">A-949219</subfield>
  </datafield>
  <datafield tag="037" ind1=" " ind2=" ">
    <subfield code="b">DBAD/PUB</subfield>
  </datafield>
  <datafield tag="040" ind1=" " ind2=" ">
    <subfield code="a">DPL</subfield>
    <subfield code="b">Urdu</subfield>
  </datafield>
  <datafield tag="082" ind1=" " ind2=" ">
    <subfield code="a">181.9</subfield>
  </datafield>
  <datafield tag="100" ind1=" " ind2=" ">
    <subfield code="a">&#x634;&#x628;&#x6CC;&#x631; &#x627; &#x62D;&#x645;&#x62F; &#x62E;&#x627; &#x646; &#x63A;&#x648; &#x631; &#x6CC;  </subfield>
  </datafield>
  <datafield tag="245" ind1=" " ind2=" ">
    <subfield code="a">&#x627; &#x633;&#x644;&#x627; &#x645; &#x645;&#x6CC;&#x6BA; &#x639;&#x644;&#x645; &#x648; &#x62D;&#x6A9;&#x645;&#x62A; &#x6A9;&#x627; &#x622; &#x63A;&#x627;  &#x632; </subfield>
    <subfield code="c"> &#x634;&#x628;&#x6CC;&#x631; &#x627; &#x62D;&#x645;&#x62F; &#x62E;&#x627; &#x646; &#x63A;&#x648; &#x631; &#x6CC;  </subfield>
  </datafield>
  <datafield tag="246" ind1=" " ind2=" ">
    <subfield code="a">Islam mein Illm o Hikmat ka Aaghaz</subfield>
    <subfield code="b">By Shabbir Ahmad Khan Ghori</subfield>
  </datafield>
  <datafield tag="260" ind1=" " ind2=" ">
    <subfield code="a">Patna</subfield>
    <subfield code="b">Khuda Bakhsh Oriental Public Library </subfield>
    <subfield code="c">1998</subfield>
  </datafield>
  <datafield tag="270" ind1=" " ind2=" ">
    <subfield code="a">Khuda Bakhsh Oriental Public Library </subfield>
    <subfield code="b">Patna</subfield>
    <subfield code="e">-</subfield>
    <subfield code="k">-</subfield>
  </datafield>
  <datafield tag="300" ind1=" " ind2=" ">
    <subfield code="a">262&#x635;</subfield>
    <subfield code="c">22 cm(hb)</subfield>
  </datafield>
  <datafield tag="942" ind1=" " ind2=" ">
    <subfield code="2">ddc</subfield>
    <subfield code="c">UR</subfield>
    <subfield code="h">181.9</subfield>
    <subfield code="m">&#x63A; &#x648; &#x631; </subfield>
  </datafield>
  <datafield tag="999" ind1=" " ind2=" ">
    <subfield code="c">140780</subfield>
    <subfield code="d">140780</subfield>
  </datafield>
  <datafield tag="952" ind1=" " ind2=" ">
    <subfield code="0">0</subfield>
    <subfield code="1">0</subfield>
    <subfield code="2">ddc</subfield>
    <subfield code="4">0</subfield>
    <subfield code="7">0</subfield>
    <subfield code="8">NFIC</subfield>
    <subfield code="a">L</subfield>
    <subfield code="b">L</subfield>
    <subfield code="d">2017-06-06</subfield>
    <subfield code="e">BPPD</subfield>
    <subfield code="g">125.00</subfield>
    <subfield code="l">0</subfield>
    <subfield code="o">181.9 &#x63A; &#x648; &#x631;</subfield>
    <subfield code="p">A-949219</subfield>
    <subfield code="r">2017-06-06 00:00:00</subfield>
    <subfield code="t">1</subfield>
    <subfield code="v">125.00</subfield>
    <subfield code="y">UR</subfield>
  </datafield>
</record>
